书目信息 |
| 题名: |
神话与中西建筑文化差异
|
|
| 作者: | 王娟 编著 | |
| 分册: | ||
| 出版信息: | 北京 中国电力出版社 2007 |
|
| 页数: | 159页 | |
| 开本: | 24cm | |
| 丛书名: | ||
| 单 册: | ||
| 中图分类: | TU-854 | |
| 科图分类: | ||
| 主题词: | 神话--影响--建筑艺术--对比研究--中国--西方国家 | |
| 电子资源: | ||
| ISBN: | 7-5083-4709-9 | |
| 000 | 00940nam0 2200229 450 | |
| 001 | 1549400055 | |
| 005 | 20150118134346.37 | |
| 010 | @a7-5083-4709-9@dCNY38.00 | |
| 100 | @a20060104d2007 em y0chiy50 ea | |
| 101 | 0 | @achi |
| 102 | @aCN@b110000 | |
| 105 | @aa z 000yy | |
| 200 | 1 | @a神话与中西建筑文化差异@9shen hua yu zhong xi jian zhu wen hua cha yi@dThe different architecture culture between China and the west@f王娟编著@zeng |
| 210 | @a北京@c中国电力出版社@d2007 | |
| 215 | @a159页@c图,彩照@d24cm | |
| 330 | @a本书对中西文化的起源——神话进行了比较,从文化根源上探索中西建筑文化在起源上的差异,明确了中西建筑文化差异的精神实质,值得读者借鉴、欣赏。 | |
| 510 | 1 | @aDifferent architecture culture between China and the west@zeng |
| 606 | 0 | @a神话@x影响@x建筑艺术@x对比研究@y中国@x西方国家 |
| 690 | @aTU-854@v5 | |
| 701 | 0 | @a王娟@9wang juan@c(女,建筑美学)@4编著 |
| 801 | 0 | @aCN@bTSSF@c20150118 |
| 905 | @aZUCC@dTU-854@eJY71 | |
| 神话与中西建筑文化差异=The different architecture culture between China and the west/王娟编著.-北京:中国电力出版社,2007 |
| 159页:图,彩照;24cm |
| ISBN 7-5083-4709-9:CNY38.00 |
| 本书对中西文化的起源——神话进行了比较,从文化根源上探索中西建筑文化在起源上的差异,明确了中西建筑文化差异的精神实质,值得读者借鉴、欣赏。 |
| ● |
| 相关链接 |
|
|
|
|
正题名:神话与中西建筑文化差异
索取号:TU-854/JY71
 
预约/预借
| 序号 | 登录号 | 条形码 | 馆藏地/架位号 | 状态 | 备注 |
| 1 | 7849042 | 278490429 | 学院路分馆/ [索取号:TU-854/JY71] | 在馆 | |
| 2 | 7849043 | 278490438 | 学院路分馆/ [索取号:TU-854/JY71] | 在馆 |